000 00294nam a22001337a 4500
008 171030b xxu||||| |||| 00| 0 eng d
020 _a0631157549
041 _aeng
080 _a33
100 _a58
101 _aBUS
245 _aBUSINESS CYCLES AND EQUILIBRIUM
_cBLACK,F
942 _2udc
_cBK
999 _c36474
_d36474